Champion : a graphic novel / Kareem Abdul-Jabbar ... Read More
Available copies
- 2 of 2 copies available at LARL/NWRL Consortium.
- 2 of 2 copies available at Lake Agassiz Regional Library. (Show preferred library)
Current holds
0 current holds with 2 total copies.
Show All Copies
| Location | Call Number / Copy Notes | Barcode | Shelving Location | Status | Due Date |
|---|---|---|---|---|---|
| Detroit Lakes Public Library | Y G ABD (Text) | 33500014281646 | New | Available | - |
| Moorhead Public Library | Y G ABD (Text) | 33500014281653 | New | Available | - |
Record details
- ISBN: 9780593835753
- ISBN: 0593835751
- ISBN: 9780593835746
- ISBN: 0593835743
- Physical Description: 113 pages : color illustrations ; 26 cm.
- Edition: First edition.
- Publisher: New York, NY : Ten Speed Graphic, [2025]
- Copyright: ©2025.
Content descriptions
| Summary, etc.: | "A high school student whose promising basketball ... Read More Monk Travers is the star basketball player on his ... Read More |
| Target Audience Note: | Ages 12 and up. |
Search for related items by subject
| Genre: | Graphic novels. Sports comics. Biographical comics. Graphic novels. |
| LDR | 03884cam a2200613 i 4500 | ||
|---|---|---|---|
| 001 | 468314 | ||
| 003 | LARL_NWRL_CONSORTIUM | ||
| 005 | 20250919140051.0 | ||
| 008 | 250613t20252025nyua d 6 000 1deng d | ||
| 040 | . | ‡aIG# ‡beng ‡erda ‡cIG# ‡dYDX ‡dIAD ‡dSDG ‡dRNL ‡dOI6 ‡dOCO ‡dSDD ‡dOCLCO | |
| 019 | . | ‡a1478324337 ‡a1478325723 | |
| 020 | . | ‡a9780593835753 ‡q(paperback) | |
| 020 | . | ‡a0593835751 ‡q(paperback) | |
| 020 | . | ‡a9780593835746 ‡q(hardcover) | |
| 020 | . | ‡a0593835743 ‡q(hardcover) | |
| 035 | . | ‡a(OCoLC)1519825736 ‡z(OCoLC)1478324337 ‡z(OCoLC)1478325723 | |
| 082 | 0 | 4. | ‡a741.5/973 ‡223 |
| 100 | 1 | . | ‡aAbdul-Jabbar, Kareem, ‡d1947- ‡eauthor. ‡1https://id.oclc.org/worldcat/entity/E39PBJtRKtkKcf8Wy3HJJbj9jC ‡0(LARL_NWRL_CONSORTIUM)49613 |
| 245 | 1 | 0. | ‡aChampion : ‡ba graphic novel / ‡cKareem Abdul-Jabbar and Raymond Obstfeld ; illustrations by Ed Laroche. |
| 250 | . | ‡aFirst edition. | |
| 264 | 1. | ‡aNew York, NY : ‡bTen Speed Graphic, ‡c[2025] | |
| 264 | 4. | ‡c©2025. | |
| 300 | . | ‡a113 pages : ‡bcolor illustrations ; ‡c26 cm. | |
| 336 | . | ‡atext ‡btxt ‡2rdacontent | |
| 336 | . | ‡astill image ‡bsti ‡2rdacontent | |
| 337 | . | ‡aunmediated ‡bn ‡2rdamedia | |
| 338 | . | ‡avolume ‡bnc ‡2rdacarrier | |
| 520 | . | ‡a"A high school student whose promising basketball career is in jeopardy discovers the triumphs and hardships of Kareem Abdul-Jabbar's life as a social justice advocate in this stunningly illustrated graphic novel."--Publisher's description. | |
| 520 | . | ‡aMonk Travers is the star basketball player on his high school team. Confident about his future as an NBA player, he doesn't see the point in caring much about school, let alone his community. But his world is about to change--big time! After getting caught graffitiing his team's rival school, Monk comes to the awful realization that his actions have put his place on the team--and his future--in jeopardy. He's taken by surprise when his coach offers him an unorthodox way to atone: completing a report on the life of Kareem Abdul-Jabbar. Monk is ecstatic. He knows all Kareem's records and stats. He smugly announces that the project will be a snap, but his excitement is short-lived when Coach tells him that the project is not about Kareem's basketball career--it's about his life as an advocate for change. As Monk grudgingly begins his research, he discovers a history of struggles, conflicts, frustrations, and violence that he'd never been aware of, awakening a passion for social justice that rivals Kareem's own. | |
| 521 | 1 | . | ‡aAges 12 and up. |
| 650 | 0. | ‡aHigh school athletes ‡vComic books, strips, etc. | |
| 650 | 0. | ‡aBasketball players ‡vComic books, strips, etc. | |
| 650 | 0. | ‡aAfrican American athletes ‡vComic books, strips, etc. | |
| 600 | 1 | 0. | ‡aAbdul-Jabbar, Kareem, ‡d1947- ‡vComic books, strips, etc. |
| 650 | 0. | ‡aSocial justice ‡vComic books, strips, etc. | |
| 650 | 7. | ‡aYOUNG ADULT FICTION / Comics & Graphic Novels / African American & Black. ‡2bisacsh | |
| 650 | 7. | ‡aYOUNG ADULT FICTION / Social Themes / Activism & Social Justice. ‡2bisacsh | |
| 650 | 7. | ‡aYOUNG ADULT FICTION / Sports & Recreation / Basketball. ‡2bisacsh | |
| 655 | 0. | ‡aGraphic novels. | |
| 655 | 7. | ‡aSports comics. ‡2lcgft | |
| 655 | 7. | ‡aBiographical comics. ‡2lcgft | |
| 655 | 7. | ‡aGraphic novels. ‡2lcgft | |
| 700 | 1 | . | ‡aObstfeld, Raymond, ‡d1952- ‡eauthor. ‡1https://id.oclc.org/worldcat/entity/E39PBJtgXmhYRMDPBVDY6d4g8C ‡0(LARL_NWRL_CONSORTIUM)95721 |
| 700 | 1 | . | ‡aLaroche, Edward, ‡eillustrator. ‡1https://id.oclc.org/worldcat/entity/E39PCjyWvRXFmFK6YvtyRFhdkP |
| 901 | . | ‡a468314 ‡bOCoLC ‡c468314 ‡tbiblio ‡soclc | |

Add to basket
Permalink
Disable Highlighting